<?xml version="1.0" encoding="UTF-8"?>
<collection xmlns="http://www.loc.gov/MARC21/slim">
 <record>
  <leader>02229nam a2200217Ia 4500</leader>
  <controlfield tag="001">CTU_207749</controlfield>
  <controlfield tag="008">210402s9999    xx            000 0 und d</controlfield>
  <datafield tag="020" ind1=" " ind2=" ">
   <subfield code="c">1061000</subfield>
  </datafield>
  <datafield tag="082" ind1=" " ind2=" ">
   <subfield code="a">361.614</subfield>
  </datafield>
  <datafield tag="082" ind1=" " ind2=" ">
   <subfield code="b">D281</subfield>
  </datafield>
  <datafield tag="100" ind1=" " ind2=" ">
   <subfield code="a">Dean, Hartley</subfield>
  </datafield>
  <datafield tag="245" ind1=" " ind2="0">
   <subfield code="a">Social rights and human welfare</subfield>
  </datafield>
  <datafield tag="245" ind1=" " ind2="0">
   <subfield code="c">Hartley Dean</subfield>
  </datafield>
  <datafield tag="260" ind1=" " ind2=" ">
   <subfield code="a">New York, NY</subfield>
  </datafield>
  <datafield tag="260" ind1=" " ind2=" ">
   <subfield code="b">Routledge</subfield>
  </datafield>
  <datafield tag="260" ind1=" " ind2=" ">
   <subfield code="c">2015</subfield>
  </datafield>
  <datafield tag="520" ind1=" " ind2=" ">
   <subfield code="a">An essential introduction to rights-based approaches in social policy, this text critically explores how social rights underpin human wellbeing. It discusses social rights as rights of citizenship in developed welfare states and as an essential component within the international human rights and human development agenda. It provides a valuable introduction for students and researchers in social policy and related applied social science, public policy, sociology, socio-legal studies and social development fields. Taking an international perspective, the first part of the book considers how social rights can be understood and critiqued in theory - discussing ideas around citizenship, human needs and human rights, collective responsibility and ethical imperatives. The second part of the book looks at social rights in practice, providing a comparative examination of their development globally, before looking more specifically at rights to livelihood, human services and housing as well as ways in which these rights can be implemented and enforced. The final section re-evaluates prevailing debates about rights-based approaches to poverty alleviation and outlines possible future directions. The book provides a comprehensive overview of social rights in theory and practice. It questions recent developments in social policy. It challenges certain dominant ideas concerning the basis of human rights. It seeks to re-frame our understanding of social rights as the articulation of human needs and presents a radical new 'post-Marshallian' theory of human rights</subfield>
  </datafield>
  <datafield tag="650" ind1=" " ind2=" ">
   <subfield code="a">Phúc lợi công cộng,Social rights,Public welfare,Quyền lợi xã hội</subfield>
  </datafield>
  <datafield tag="650" ind1=" " ind2=" ">
   <subfield code="z">Nước Anh,Great Britain,Great Britain,Nước Anh</subfield>
  </datafield>
  <datafield tag="904" ind1=" " ind2=" ">
   <subfield code="i">Hải</subfield>
  </datafield>
  <datafield tag="980" ind1=" " ind2=" ">
   <subfield code="a">Trung tâm Học liệu Trường Đại học Cần Thơ</subfield>
  </datafield>
 </record>
</collection>
